000 01112cam a2200349Mi 4500
001 92062
005 20230410132921.0
008 030507s19779999sp g 001 p spa d
035 _a(OCoLC)ocn630168377
040 _aESUDE
_bspa
_cESUDE
_dOCL
017 _aM 20009-1995
020 _a8424922883 (t. II)
035 _a(OCoLC)630168377
050 1 4 _aB 171
_bB582 1977
049 _aGRAL
100 0 _aNonno.
130 1 _aBiblioteca Clásica Gredos.
245 1 0 _aDionisíacas.
_bCantos XIII-XXIV /
_cNono de Panópolis ; Introducción, traducción y notas de David Hernández de la Fuente.
260 _aMadrid :
_bGredos,
_c1977.
300 _a338 p. ;
_c20 cm.
440 0 _aBiblioteca Clásica Gredos ;
_vn.286
650 0 4 _aPoesía griega
_ySiglo V.
650 0 _aPhilosophy, Classical.
650 0 _aPhilosophy, Ancient.
650 0 4 _aTecnologia
_xAspecto social.
650 0 4 _aLogica
_xEnsayos.
650 0 4 _aLogica simbolica y matematica.
700 1 _aHernández de la Fuente, David,
_eed. lit.
785 0 0 _aDionisíacas.
_nCantos XXV-XXXVI
942 _2lcc
_cbk
994 _aC0
_bDRFGD
999 _c90157
_d90157